000 00860nam a2200205Ia 4500
008 0000001979 ck ad 0000000000spa00
090 _aPSP00 A57a1
245 1 0 _aAntonio Martí, Eduardo Moreiro, Gregorio Tomás
_c/ fotografías Alvaro Tovar
300 _a[24] p.
_c/ 25 cm.
500 _aExposición realizada en Casa de España, Bogotá, agosto 10 a 20 de 1979 \ Registro auspiciado por la FGAA. Bogotá
600 0 0 _aMARTI, ANTONIO/
_xTRABAJOS ARTISTICOS \ MOREIRO, EDUARDO/
_xTRABAJOS ARTISTICOS \ TOMAS, GREGORIO/
_xTRABAJOS ARTISTICOS
650 1 4 _aARTE CONTEMPORANEO ESPAÑOL
650 1 4 _aARTISTAS PLASTICOS ESPAÑOLES EXPOSIONES
650 1 4 _xCATALOGOS
650 1 4 _xEXPOSICIONES
650 1 4 _aPINTORES ESPAÑOLES
650 1 4 _aPINTURA ESPAÑOLA
700 1 _aTovar, Alvaro
999 _c10170
_d10170
260 _aBogotá : Casa de España
_c1979